Elgar Encyclopedia of Public Choice
Salvato in:
| Natura: | Libro |
|---|---|
| Lingua: | inglese |
| Pubblicazione: |
Cheltenham
Edward Elgar
2025
|
| Edizione: | 1st Edition |
| Soggetti: | |
| Tags: |
Nessun Tag, puoi essere il primo ad aggiungerne!!
|
MARC
| LEADER | 00000nam a2200000 4500 | ||
|---|---|---|---|
| 001 | 0314110 | ||
| 005 | 20260116122914.7 | ||
| 020 | |a 978-1-80220-774-3 | ||
| 041 | 0 | |a eng | |
| 044 | |a GB | ||
| 245 | 1 | 0 | |a Elgar Encyclopedia of Public Choice |
| 250 | |a 1st Edition | ||
| 264 | 1 | |a Cheltenham |b Edward Elgar |c 2025 | |
| 300 | |a [834 s.] | ||
| 610 | 2 | 0 | |a ekonómia |
| 610 | 2 | 0 | |a ekonomika |
| 610 | 2 | 0 | |a financie |
| 610 | 2 | 0 | |a trh finančný |
| 610 | 2 | 0 | |a vláda |